000 00529nam a2200181Ia 4500
001 20719
005 20260306172826.0
008 260306t2014||||xx |||||||||||||| ||spa||
041 _aESP
082 _a343.7
_bM86 2014
100 _aMorón Urbina, Juan Carlos
_eAUT
245 0 _aComentarios a la ley del procedimiento administrativo general:
_bincluye comentarios a la ley del silencio administrativo
260 _c2014
300 _a974 páginas :
_c25 cm.
650 _aGEN
654 _aCDE
942 _cLIB
_dJUS
_fJUS
_2ddc
_n
999 _c20719
_d20719